HBR guide to leading teams

Gespeichert in:
Bibliographische Detailangaben
1. Verfasser: Shapiro, Mary
Format: Buch
Sprache:Englisch
Veröffentlicht: Boston Harvard Business Review Press 2015
Schriftenreihe:Harvard Business Review Guides
Schlagworte:
Tags: Tag hinzufügen
Keine Tags, Fügen Sie das erste Tag hinzu!

MARC

LEADER 00000nam a2200000 4500
001 0217127
005 20240306140312.9
020 |a 978-1-63369-041-7 
041 0 |a eng 
044 |a US 
245 1 0 |a HBR guide to leading teams  |c Mary Shapiro 
264 1 |a Boston  |b Harvard Business Review Press  |c 2015 
300 |a xv, 165 s. 
490 1 |a Harvard Business Review Guides 
830 0 |a Harvard Business Review Guides 
610 2 0 |a vodcovstvo 
610 2 0 |a lídri 
610 2 0 |a tímy pracovné 
610 2 0 |a riadenie ľudských zdrojov 
610 2 0 |a motivácia pracovná 
100 1 |a Shapiro, Mary